000 00364nam a2200157Ia 4500
003 0STCL
008 150530s9999 xx 000 0 und d
040 _aSTCL
_cSTCL
100 _aAbrams; Ed
245 _aEnglish romantic poets modern essay in criticism
260 _c1960
546 _aEnglish
942 _2ddc
_cBK
999 _c52441
_d52441
005 20220125170859.0